[Event "Chorzow 2011"]
[Site "Chorzow"]
[Date "2011.03.27"]
[Round "2.1"]
[White "Wiecek, Pawel"]
[Black "Koziak, Vitali"]
[Result "0-1"]
[WhiteElo "2043"]
[BlackElo "2471"]
[PlyCount "60"]
[EventDate "2011.??.??"]

1. d4 Nf6 2. c4 g6 3. Nc3 Bg7 4. e4 O-O 5. e5 Ne8 6. f4 c5 7. d5 d6 8. Nf3 Bg4
9. Be2 Bxf3 10. Bxf3 dxe5 11. fxe5 Bxe5 12. Bh6 Ng7 13. Qe2 Nd7 14. O-O-O Bxc3
15. bxc3 Qa5 16. Rd3 Nb6 17. Bxg7 Kxg7 18. Re3 Qa4 19. h4 Qxc4 20. Qxc4 Nxc4
21. Rxe7 Nd6 22. Kc2 Rfe8 23. Rxe8 Rxe8 24. Kd3 f5 25. g3 Kf6 26. Rf1 h5 27. a4
b6 28. Rf2 Re1 29. Bg2 c4+ 30. Kd2 Ra1 0-1

[Event "Chorzow 2011"]
[Site "Chorzow"]
[Date "2011.03.27"]
[Round "2.2"]
[White "Kalinin, Oleg"]
[Black "Jelonek, Michal"]
[Result "1-0"]
[WhiteElo "2375"]
[BlackElo "2039"]
[PlyCount "39"]
[EventDate "2011.??.??"]

1. g3 Nf6 2. Bg2 g6 3. c4 d6 4. d4 Bg7 5. Nc3 O-O 6. Nf3 Nbd7 7. O-O c6 8. e4
Qc7 9. h3 e5 10. Be3 Re8 11. Qc2 exd4 12. Nxd4 Ne5 13. b3 a6 14. Rad1 c5 15.
Nde2 Be6 16. f4 Nc6 17. Qd2 Rad8 18. f5 Bc8 19. Bg5 gxf5 20. Bxf6 1-0

[Event "Chorzow 2011"]
[Site "Chorzow"]
[Date "2011.03.27"]
[Round "2.3"]
[White "Mulet, Piotr"]
[Black "Kazek, Krzysztof"]
[Result "1-0"]
[WhiteElo "2334"]
[BlackElo "2000"]
[PlyCount "111"]
[EventDate "2011.??.??"]

1. e4 c5 2. c3 Nf6 3. e5 Nd5 4. d4 cxd4 5. Nf3 e6 6. Qxd4 Nc6 7. Qe4 d6 8. Nbd2
dxe5 9. Nxe5 Nf6 10. Qa4 Qc7 11. Ndf3 Bd6 12. Nxc6 Bd7 13. Bg5 Qxc6 14. Qxc6
Bxc6 15. Nd4 Bd7 16. Nb5 Bb8 17. Rd1 Ne4 18. Be3 a6 19. Na3 b5 20. f3 Nf6 21.
Bd3 Ba7 22. Bxa7 Rxa7 23. Kf2 Ke7 24. Rd2 Rd8 25. Rhd1 Bc6 26. Nc2 Rad7 27. Nd4
Bb7 28. Nb3 Rc7 29. Na5 Bc8 30. h4 h6 31. a3 Rd6 32. Nb3 Kf8 33. g4 g5 34. hxg5
hxg5 35. Nd4 Rd5 36. Bc2 Re5 37. Nb3 Rd5 38. Rxd5 Nxd5 39. Be4 Nf4 40. Rd8+ Ke7
41. Rg8 f5 42. gxf5 exf5 43. Bc2 Be6 44. Rg7+ Bf7 45. Nd4 Kf6 46. Rh7 Rc5 47.
Rh8 Be6 48. Rf8+ Ke7 49. Ra8 Bc8 50. Ra7+ Kf6 51. Rh7 Kg6 52. Rh8 Kg7 53. Rd8
Kf7 54. Ke3 Ke7 55. Rh8 Kf7 56. Bb3+ {Dalej zapis nieczytelny.} 1-0

[Event "Chorzow 2011"]
[Site "Chorzow"]
[Date "2011.03.27"]
[Round "2.4"]
[White "Kastelik, Adrian"]
[Black "Piesik, Piotr"]
[Result "1/2-1/2"]
[WhiteElo "1996"]
[BlackElo "2216"]
[PlyCount "69"]
[EventDate "2011.??.??"]

1. e4 e6 2. d4 d5 3. e5 c5 4. Qg4 Qa5+ 5. Bd2 Qb6 6. b3 cxd4 7. Nf3 Nc6 8. Bd3
Nb4 9. O-O Nxd3 10. cxd3 Ne7 11. Qxd4 Qxd4 12. Nxd4 Nc6 13. Nxc6 bxc6 14. d4 c5
15. Be3 Ba6 16. Rc1 c4 17. bxc4 dxc4 18. a3 Kd7 19. Nd2 Rc8 20. Rc3 Kc6 21. Rb1
Kd5 22. f3 Be7 23. Kf2 Rb8 24. Rbc1 Rb2 25. R1c2 Rhb8 26. Kg3 Rxc2 27. Rxc2 Rb3
28. Nxb3 cxb3 29. Rc7 b2 30. Rxe7 b1=Q 31. Rc7 Qe1+ 32. Bf2 Qa5 33. Rc5+ Qxc5
34. dxc5 Kxe5 35. c6 1/2-1/2

[Event "Chorzow 2011"]
[Site "Chorzow"]
[Date "2011.03.27"]
[Round "2.5"]
[White "Osipow, Nikolaj"]
[Black "Blasiak, Miroslaw"]
[Result "1/2-1/2"]
[WhiteElo "2179"]
[BlackElo "1952"]
[PlyCount "122"]
[EventDate "2011.??.??"]

1. e4 e5 2. Nf3 Nc6 3. Bb5 a6 4. Ba4 Nf6 5. O-O Be7 6. Re1 b5 7. Bb3 O-O 8. a4
Bb7 9. Nc3 Nd4 10. Nxd4 exd4 11. Nd5 Nxd5 12. exd5 Bc5 13. d3 Re8 14. Rxe8+
Qxe8 15. Bf4 d6 16. Qd2 Qd7 17. axb5 axb5 18. Rxa8+ Bxa8 19. Kf1 Bb7 20. Qe1 h6
21. Bd2 Qd8 22. Ba5 Bc8 23. Qe4 Bd7 24. Be1 Bb6 25. f3 Qf6 26. h4 Qd8 27. Bf2
Qf6 28. g4 g6 29. Kg2 Kg7 30. Bg3 Kg8 31. Qf4 Qxf4 32. Bxf4 Kg7 33. Bd2 h5 34.
Kg3 f5 35. gxh5 gxh5 36. c4 dxc3 37. bxc3 Ba5 38. Kf4 Kf6 39. Ke3 Bb6+ 40. d4
c5 41. dxc6 Bxc6 42. Bd1 Kg6 43. Be1 Ba5 44. Kd3 Bd5 45. Ke3 Bc6 46. Bb3 Bd7
47. Bd5 Bd8 48. Bg3 Be7 49. Kd3 Kf6 50. Bb7 Ke6 51. Kc2 d5 52. Kb3 f4 53. Bxf4
Bxh4 54. Bh2 Be1 55. f4 h4 56. f5+ Kxf5 57. Bxd5 Be6 58. Bxe6+ Kxe6 59. c4
bxc4+ 60. Kxc4 Bg3 61. Bg1 h3 1/2-1/2

[Event "Chorzow 2011"]
[Site "Chorzow"]
[Date "2011.03.27"]
[Round "2.6"]
[White "Sroka, Janusz"]
[Black "Wozniak, Dawid"]
[Result "1-0"]
[WhiteElo "2091"]
[BlackElo "1917"]
[PlyCount "80"]
[EventDate "2011.??.??"]

1. Nf3 d5 2. g3 c5 3. Bg2 Nc6 4. d3 Bf5 5. O-O e6 6. Nbd2 Nf6 7. b3 Be7 8. Bb2
O-O 9. Re1 Rc8 10. Nh4 Bg6 11. Nxg6 hxg6 12. e4 dxe4 13. dxe4 e5 14. Nc4 Qc7
15. Ne3 b5 16. Nd5 Qb8 17. a4 b4 18. Bf1 Bd6 19. Bc4 Na5 20. Ba6 Rcd8 21. Qe2
Nxd5 22. exd5 Rfe8 23. Qg4 Qb6 24. Bb5 Re7 25. h4 Bc7 26. Rad1 f5 27. Qg5 Qf6
28. Qe3 f4 29. gxf4 Qxh4 30. fxe5 c4 31. bxc4 Nxc4 32. Bxc4 Qxc4 33. Qe4 Qc5
34. Re3 Rf7 35. d6 Bb6 36. Bd4 Qa5 37. Bxb6 Qxb6 38. e6 Re7 39. dxe7 Rxd1+ 40.
Kg2 Qb8 1-0

[Event "Chorzow 2011"]
[Site "Chorzow"]
[Date "2011.03.27"]
[Round "2.7"]
[White "Galyga, Jozef"]
[Black "Przybylka, Damian"]
[Result "1/2-1/2"]
[WhiteElo "1946"]
[BlackElo "2061"]
[PlyCount "32"]
[EventDate "2011.??.??"]

1. e4 e6 2. d3 d5 3. Nd2 c5 4. Ngf3 Nc6 5. g3 Bd6 6. Bg2 Nge7 7. O-O O-O 8. Re1
Bc7 9. c3 a5 10. a4 b6 11. Qc2 Ba6 12. exd5 exd5 13. d4 Bd6 14. Nb3 Bc8 15. Be3
Bf5 16. Qd2 c4 1/2-1/2

[Event "Chorzow 2011"]
[Site "Chorzow"]
[Date "2011.03.27"]
[Round "2.8"]
[White "Bojdol, Robert"]
[Black "Michalski, Edmund"]
[Result "1/2-1/2"]
[WhiteElo "2053"]
[BlackElo "1910"]
[PlyCount "69"]
[EventDate "2011.??.??"]

1. e4 e5 2. f4 Nc6 3. Nf3 d6 4. Bb5 Bg4 5. c3 Nge7 6. O-O a6 7. Ba4 b5 8. Bb3
Ng6 9. f5 Nf4 10. d4 Na5 11. dxe5 Bxf3 12. Qxf3 Nxb3 13. axb3 dxe5 14. Bxf4
exf4 15. Qxf4 Bc5+ 16. Kh1 O-O 17. Nd2 f6 18. Nf3 Qe7 19. Rae1 Bd6 20. Qg4 c5
21. Nh4 Rfe8 22. Qf3 Qe5 23. g3 a5 24. Rd1 a4 25. Ng2 Bf8 26. Qd3 b4 27. cxb4
cxb4 28. bxa4 Qxb2 29. Nf4 Rxa4 30. e5 Ra2 31. Qc4+ Kh8 32. Ng6+ hxg6 33. Qh4+
Kg8 34. Qc4+ Kh8 35. Qh4+ 1/2-1/2

[Event "Chorzow 2011"]
[Site "Chorzow"]
[Date "2011.03.27"]
[Round "2.10"]
[White "Solek, Zenon"]
[Black "Juroszek, Tadeusz"]
[Result "0-1"]
[WhiteElo "1870"]
[BlackElo "2355"]
[PlyCount "60"]
[EventDate "2011.??.??"]

1. e4 c5 2. Nf3 e6 3. d4 cxd4 4. Nxd4 a6 5. Bd3 Nf6 6. O-O d6 7. Be3 Be7 8. c4
b6 9. Nc3 Bb7 10. f4 Nbd7 11. Qe2 O-O 12. Rad1 Qc7 13. Bf2 Rfe8 14. Nb3 Bf8 15.
Bh4 g6 16. g4 Kh8 17. e5 Ng8 18. Bg3 f5 19. exf6 Ngxf6 20. Ne4 Rac8 21. Ng5 Bg7
22. Qc2 Nf8 23. h3 b5 24. Rc1 bxc4 25. Bxc4 h6 26. Nf3 Ne4 27. Bf2 d5 28. Bd3
Qxf4 29. Qe2 Ng3 30. Bxg3 Qxg3+ 0-1

[Event "Chorzow 2011"]
[Site "Chorzow"]
[Date "2011.03.27"]
[Round "2.11"]
[White "Kaczmarek, Aleksander"]
[Black "Rosicki, Marcin"]
[Result "1-0"]
[WhiteElo "2036"]
[BlackElo "1560"]
[PlyCount "89"]
[EventDate "2011.??.??"]

1. e4 e5 2. Nf3 Nc6 3. Nc3 Nf6 4. a3 Bc5 5. Nxe5 Nxe5 6. d4 Bd6 7. f4 Nc6 8. e5
Be7 9. d5 Nxd5 10. Nxd5 d6 11. Bc4 dxe5 12. O-O Be6 13. Kh1 Nd4 14. c3 Bxd5 15.
Bxd5 Qxd5 16. fxe5 Qxe5 17. cxd4 Qd5 18. Qe2 Qe6 19. Qb5+ Qc6 20. Qe5 f6 21.
Qh5+ g6 22. Qe2 Qa6 23. Qxa6 bxa6 24. Bf4 Kd7 25. Rac1 Rac8 26. d5 Bd6 27. Rc6
Rhe8 28. h3 f5 29. Rxa6 Bc5 30. b4 Bd4 31. b5 Re4 32. a4 Rce8 33. d6 Rxf4 34.
Rxf4 Re1+ 35. Kh2 Be5 36. g3 Re2+ 37. Kg1 Bxf4 38. gxf4 Re6 39. Rxa7 Rxd6 40.
a5 Rd1+ 41. Kf2 Rb1 42. b6 Kc6 43. Rxc7+ Kb5 44. Ra7 Rb2+ 45. Ke3 1-0

[Event "Chorzow 2011"]
[Site "Chorzow"]
[Date "2011.03.27"]
[Round "2.12"]
[White "Stepaniec, Lukasz"]
[Black "Faron, Rafal"]
[Result "1/2-1/2"]
[WhiteElo "1916"]
[BlackElo "1798"]
[PlyCount "60"]
[EventDate "2011.??.??"]

1. d4 f5 2. c4 Nf6 3. g3 g6 4. Nh3 Bg7 5. Bg2 O-O 6. O-O c6 7. d5 d6 8. Nf4 Re8
9. Qb3 Qc7 10. Nc3 e5 11. dxe6 Bxe6 12. Nxe6 Rxe6 13. Bf4 Nh5 14. Be3 Kh8 15.
Rad1 Nd7 16. Bd4 a6 17. e4 Bxd4 18. Rxd4 Nc5 19. Qd1 fxe4 20. Bh3 Rf6 21. Nxe4
Nxe4 22. Rxe4 Raf8 23. Qd4 Ng7 24. Rfe1 Qa5 25. R1e2 Qxa2 26. Re8 Nxe8 27. Rxe8
Rxe8 28. Qxf6+ Kg8 29. Be6+ Rxe6 30. Qxe6+ Kg7 1/2-1/2

[Event "Chorzow 2011"]
[Site "Chorzow"]
[Date "2011.03.27"]
[Round "2.13"]
[White "Ociepka, Tomasz"]
[Black "Zowada, Kazimierz"]
[Result "0-1"]
[WhiteElo "1894"]
[BlackElo "2146"]
[PlyCount "80"]
[EventDate "2011.??.??"]

1. e4 g6 2. d4 Bg7 3. c3 d6 4. Nf3 Nf6 5. Nbd2 O-O 6. Bc4 a6 7. a4 c5 8. O-O
cxd4 9. cxd4 d5 10. exd5 Nxd5 11. Ne4 Nc6 12. h3 Nb6 13. Bb3 Nxd4 14. Nxd4 Qxd4
15. Qxd4 Bxd4 16. a5 Bf5 17. Ng3 Nc8 18. Rd1 Bf6 19. Nxf5 gxf5 20. Rd7 Nd6 21.
Bd5 Rad8 22. Rxd8 Rxd8 23. Bf4 e5 24. Be3 Rd7 25. Rc1 Kg7 26. b4 Nb5 27. Bb3
Be7 28. Bc5 Nd4 29. Ba4 Rc7 30. Kh2 Ne6 31. Kg3 Bxc5 32. bxc5 Rxc5 33. Rxc5
Nxc5 34. Bc2 Kf6 35. Kf3 e4+ 36. Kf4 Ne6+ 37. Ke3 Ke5 38. g3 Nd4 39. Bd1 Nc6
40. g4 f4+ 0-1

[Event "Chorzow 2011"]
[Site "Chorzow"]
[Date "2011.03.27"]
[Round "2.14"]
[White "Karcz, Bartlomiej"]
[Black "Heimann, Adrian"]
[Result "0-1"]
[WhiteElo "1906"]
[BlackElo "1806"]
[PlyCount "76"]
[EventDate "2011.??.??"]

1. e4 c6 2. d4 d5 3. exd5 cxd5 4. c4 Nf6 5. Nc3 e6 6. Nf3 Be7 7. Bd3 Nc6 8. O-O
dxc4 9. Bxc4 O-O 10. a3 a6 11. b4 b5 12. Bd3 h6 13. Be3 Bb7 14. Ne5 Kh8 15.
Nxc6 Bxc6 16. Rc1 Rc8 17. Qd2 Ng4 18. h3 Nxe3 19. fxe3 Bg5 20. Bb1 f5 21. Qd3
Qd6 22. Rce1 Qg3 23. Re2 Rf6 24. d5 Rd8 25. Rf3 Qe5 26. e4 f4 27. Qc2 Be8 28.
Rd3 Bh5 29. Red2 Bh4 30. Rd1 Rg6 31. Kh1 Rd6 32. dxe6 Rxd3 33. Qxd3 Rxe6 34.
Nd5 Bg3 35. Rc1 Bg6 36. Rc8+ Kh7 37. Nc7 Rc6 38. Bc2 Rxc2 0-1

[Event "Chorzow 2011"]
[Site "Chorzow"]
[Date "2011.03.27"]
[Round "2.15"]
[White "Rychlik, Bogdan"]
[Black "Santura, Janusz"]
[Result "1-0"]
[WhiteElo "1823"]
[BlackElo "1900"]
[PlyCount "83"]
[EventDate "2011.??.??"]

1. e4 c6 2. d4 d5 3. exd5 cxd5 4. Bd3 Nc6 5. c3 Nf6 6. Bf4 e6 7. Nf3 Be7 8.
Nbd2 O-O 9. Ne5 Bd7 10. Ndf3 a6 11. Nxd7 Nxd7 12. O-O b5 13. Rc1 Rc8 14. a4 b4
15. Bxa6 Ra8 16. Bb7 Qb6 17. Bxa8 Rxa8 18. Re1 b3 19. c4 Nf6 20. c5 Qb7 21. Ra1
Na5 22. Ra3 Ne4 23. Nd2 g5 24. Nxe4 gxf4 25. Nc3 Kh8 26. Nb5 Rg8 27. Qf3 Qb8
28. Kh1 Nc4 29. Rxb3 Nd2 30. Qd3 Nxb3 31. Qxb3 Bf6 32. Rc1 Bd8 33. Qc3 Bc7 34.
Nxc7 Qxc7 35. b4 f6 36. b5 e5 37. b6 Qc6 38. dxe5 d4 39. Qf3 Qxa4 40. Qxf4 Qa3
41. exf6 Qb2 42. f7 1-0

[Event "Chorzow 2011"]
[Site "Chorzow"]
[Date "2011.03.27"]
[Round "2.16"]
[White "Richter, Bronislaw"]
[Black "Fraczek, Leslaw"]
[Result "0-1"]
[WhiteElo "1802"]
[BlackElo "1887"]
[PlyCount "22"]
[EventDate "2011.??.??"]

1. d4 Nf6 2. Nc3 d5 3. Bg5 e6 4. e4 dxe4 5. Nxe4 Be7 6. Bd3 Nxe4 7. Bxe7 Qxe7
8. Bxe4 Qb4+ 9. Ke2 Qxb2 10. Rb1 Qa3 11. Rxb7 Qa6+ 0-1

[Event "Chorzow 2011"]
[Site "Chorzow"]
[Date "2011.03.27"]
[Round "2.17"]
[White "Zielinski, Hubert"]
[Black "Czornik, Adam"]
[Result "1/2-1/2"]
[WhiteElo "1885"]
[BlackElo "1764"]
[PlyCount "59"]
[EventDate "2011.??.??"]

1. e4 e6 2. d4 d5 3. Nd2 c5 4. Ngf3 Nc6 5. exd5 Qxd5 6. Bc4 Qd7 7. Nb3 cxd4 8.
O-O Nf6 9. Nbxd4 Nxd4 10. Nxd4 Qc7 11. Qe2 a6 12. Bb3 Bd6 13. h3 O-O 14. Bg5 b5
15. Bxf6 gxf6 16. Qf3 Bb7 17. Qxf6 Be5 18. Nxe6 Bxf6 19. Nxc7 Rac8 20. Ne6 Rfe8
21. Rae1 Bxb2 22. Ng5 Rxe1 23. Rxe1 Rc7 24. Nxf7 Kg7 25. Nd8 Bc8 26. Ne6+ Bxe6
27. Rxe6 a5 28. a4 bxa4 29. Bxa4 Kf7 30. Rd6 1/2-1/2

[Event "Chorzow 2011"]
[Site "Chorzow"]
[Date "2011.03.27"]
[Round "2.18"]
[White "Klementys, Jerzy"]
[Black "Wiechowski, Bronislaw"]
[Result "1-0"]
[WhiteElo "1781"]
[BlackElo "1884"]
[PlyCount "69"]
[EventDate "2011.??.??"]

1. d4 e6 2. c4 Bb4+ 3. Bd2 Bxd2+ 4. Nxd2 c6 5. Ngf3 Ne7 6. e3 d5 7. Bd3 O-O 8.
O-O Ng6 9. Qc2 Nd7 10. b4 f5 11. a4 Nf6 12. Ne5 Nxe5 13. dxe5 Ne4 14. Nf3 Bd7
15. Nd4 Qh4 16. f4 g5 17. Nf3 Qh6 18. Bxe4 g4 19. Bd3 gxf3 20. Rxf3 Rf7 21. Rh3
Qf8 22. Rg3+ Rg7 23. Rxg7+ Kxg7 24. c5 b5 25. axb5 cxb5 26. c6 Bc8 27. Qc3 Qd8
28. Qc5 Kg6 29. Bxb5 a5 30. c7 Qh4 31. Bc6 Ra6 32. b5 Rxc6 33. Qxc6 d4 34. Qe8+
Kh6 35. Qxc8 1-0

[Event "Chorzow 2011"]
[Site "Chorzow"]
[Date "2011.03.27"]
[Round "2.19"]
[White "Karpacz, Piotr"]
[Black "Gora, Tomasz"]
[Result "1/2-1/2"]
[WhiteElo "1747"]
[BlackElo "1868"]
[PlyCount "86"]
[EventDate "2011.??.??"]

1. d4 Nf6 2. c4 e6 3. Nc3 Bb4 4. e3 b6 5. Bd3 Bb7 6. Nf3 O-O 7. O-O Bxc3 8.
bxc3 Ne4 9. Qc2 f5 10. Nd2 d5 11. f3 Nd6 12. Ba3 Nd7 13. cxd5 Bxd5 14. e4 fxe4
15. fxe4 Rxf1+ 16. Rxf1 Bc6 17. e5 Qg5 18. Nf3 Bxf3 19. Rxf3 Nf5 20. Bxf5 exf5
21. Qxf5 Qxf5 22. Rxf5 c6 23. Kf2 b5 24. Bd6 a5 25. a3 a4 26. Ke3 Re8 27. Kd3
Nb6 28. Rf2 Nc4 29. Bc5 Rd8 30. e6 Ne5+ 31. Kc2 Ng6 32. e7 Re8 33. Rf8+ Nxf8
34. exf8=Q+ Rxf8 35. Bxf8 Kxf8 36. c4 bxc4 37. Kc3 Ke7 38. Kxc4 Kd6 39. g3 g6
40. h3 h6 41. g4 g5 42. Kc3 Ke6 43. Kc2 Ke7 1/2-1/2

[Event "Chorzow 2011"]
[Site "Chorzow"]
[Date "2011.03.27"]
[Round "2.20"]
[White "Buchowski, Adam"]
[Black "Mucha, Piotr"]
[Result "0-1"]
[WhiteElo "1839"]
[BlackElo "1707"]
[PlyCount "58"]
[EventDate "2011.??.??"]

1. d4 Nf6 2. Bg5 e6 3. Nd2 c5 4. e3 cxd4 5. exd4 Be7 6. Ngf3 d6 7. Bd3 Nbd7 8.
Qe2 b6 9. O-O Bb7 10. a4 a5 11. Rfe1 O-O 12. c4 Re8 13. Nf1 Bf8 14. Qc2 h6 15.
Bxf6 Qxf6 16. N1d2 Rac8 17. b3 Nb8 18. Qb2 Na6 19. Be4 d5 20. Bb1 Nb4 21. Ne5
Bd6 22. Ndf3 dxc4 23. bxc4 Bxf3 24. Nxf3 Rxc4 25. Be4 Rec8 26. Rad1 Qd8 27. Nd2
Rxd4 28. g3 Be5 29. Bb1 Bf6 0-1

[Event "Chorzow 2011"]
[Site "Chorzow"]
[Date "2011.03.27"]
[Round "2.21"]
[White "Hendel, Kazimierz"]
[Black "Czornik, Janusz"]
[Result "0-1"]
[WhiteElo "1679"]
[BlackElo "1837"]
[PlyCount "78"]
[EventDate "2011.??.??"]

1. Nf3 Nf6 2. Nc3 d5 3. e3 g6 4. d4 Bg7 5. Bd3 O-O 6. Ne2 c5 7. c4 Nc6 8. a3
Bg4 9. h3 Bxf3 10. gxf3 cxd4 11. cxd5 Qxd5 12. e4 Qa5+ 13. Bd2 Qb6 14. b4 Ne5
15. Nc1 Rac8 16. f4 Nxd3+ 17. Nxd3 Nxe4 18. Qe2 Nc3 19. Bxc3 Rxc3 20. O-O Qa6
21. Rfd1 e6 22. a4 Qc4 23. Qa2 Qxa2 24. Rxa2 Rfc8 25. Kg2 Rb3 26. Kf3 Rc4 27.
Ke2 Bf8 28. b5 Ra3 29. Rxa3 Bxa3 30. Ra1 Bd6 31. a5 Rc3 32. a6 b6 33. Rb1 Kg7
34. Kd2 Kf6 35. Rc1 Rxc1 36. Kxc1 Kf5 37. Kc2 Ke4 38. Nb2 Bxf4 39. Nc4 Bc7 0-1